000 01273nam a2200277Ia 4500
999 _c5080
_d5080
003 OSt
005 20200515144159.0
008 191128s1990 ck ad gr 000 0dspa d
020 _a9223075602
040 _aCO-JMCR
_cCO-JMCR
041 0 _aspa
082 0 4 _a309.1861048 /
_bP964c
_223
110 1 _aPrograma Regional de Empleo para América Latina y el Caribe
_94398
245 1 0 _aColombia :
_b la deuda social en los 80 /
_cPrograma Regional de Empleo para América Latina y el Caribe ; Oficina Internacional del Trabajo
250 _aPrimera edición
260 _aBogotá :
_bOrganización internacional de trabajo,
_c1990
300 _a235 páginas :
_b tablas, gráficos ;
_c24 cm.
300 _c 24 cm
490 0 _aInforme de la misión prealc-Oit
504 _aIncluye bibliografía.
505 _aColombia : la deuda social en los 80 -- La evolución macroeconómica 1980-88 -- Deuda social urbana : mercado de trabajo y pobreza -- La deuda social rural -- La política de salarios -- Impacto distributivo de la política fiscal y de gasto social
650 1 4 _aPolítica de gastos públicos
_y1980-1989
_zColombia
_94399
650 2 4 _aPolítica social
_y1980-1989
_zColombia
_94400
710 1 _aOficina Internacional del Trabajo
_94401
942 _2ddc
_cBK